000 03426cam a22012134i 4500
003 PE-LiUPU
005 20250813185523.0
008 150625s r 000 0 d
020 _a9972423999
035 _a(Sirsi) i9789972423994
040 _aPE-LiUPU
_bspa
_cPE-LiUPU
_erda
049 _aPRUA
082 0 4 _a392.5
_bO74
_221
100 1 _aOrtiz Rescaniere, Alejandro,
_eautor.
245 1 3 _aLa pareja y el mito :
_bestudios sobre las concepciones de la persona y de la pareja en los andes /
_cAlejandro Ortiz Rescaniere.
250 _a3a
264 1 _aLima :
_bPontificia Universidad Católica del Perú, Fondo Edit.,
_c2001.
300 _a420 páginas ;
_c21 centímetros
336 _atext
_2rdacontent
337 _aunmediated
_2rdamedia
338 _avolume
_2rdacarrier
505 0 _aReflexiones sobre la imagen andina de lo propio y de los ajeno a partir del análisis de un personaje fabuloso: el Inca. -El Inca y los amores extraordinarios. -Matrimonio y cambio cósmico Huatyacuri. -El sistema de parentesco andino. la formación y el desarrollo de la pareja y de la familia andinas: rasgos generales más frecuentes. -Amores bucólicos. -Amores bélicos. -Unas imágenes del tiempo. -Mixturas. -En torno al individuo andino. -Entre la comunidad y el individuo.
526 _aP202
526 _aP201
526 _aP163
526 _aP162
526 _aP161
526 _aP160
526 _aP148
526 _aP147
526 _aP146
526 _aP145
526 _aP144
526 _aP143
526 _aP142
526 _aP141
526 _aP140
526 _aP139
526 _aP138
526 _aP137
526 _aP136
526 _aP135
526 _aP134
526 _aP133
526 _aP129
526 _aP128
526 _aP127
526 _aP120
526 _aP119
526 _aP118
526 _aP116
526 _aP115
526 _aP114
526 _aP110
526 _aP109
526 _aP108
526 _aP104
526 _aP103
526 _aP102
526 _aP99
526 _aP98
526 _aP97
526 _aP96
526 _aP95
526 _aP93
526 _aP90
526 _aP89
526 _aP88
526 _aP83
526 _aP82
526 _aP62
526 _aP59
526 _aP58
526 _aP57
526 _aP51
526 _aP49
526 _aP48
526 _aP47
526 _aP29
526 _aP24
526 _aP20
526 _aP19
526 _aP17
526 _aP15
526 _aP14
526 _aP12
526 _aP10
526 _aP09
526 _aP08
526 _aP07
526 _aP06
526 _aP05
526 _aP04
526 _aP01
541 _g001-000043;
650 0 4 _aFamilias rurales.
650 0 4 _aIndígenas del Perú
_zAndes
_xRelaciones familiares.
650 0 4 _aMatrimonio andino.
942 _2ddc
_cBOOK
949 _a392.5 O74
_wDEWEY
_c1
_i57051
_lCCODEBUL1
_mBUL
_p9.00
_r0
_sY
_tBOOK
_u2015-6-25
_xEDUCACION
_PP20
_0COMPRA
_o.STAFF. Colección General
994 _aC0
_bPEPRU
596 _a1
999 _a392.5 O74
_wDEWEY
_c46173
_i57051
_f2021-11-5
_g5
_lCCODEBUL1
_mBUL
_p9.00
_r0
_sN
_tBOOK
_u2015-6-25
_xBIBLIOTECA
_PP20
_0COMPRA
_o.STAFF. Colección General
_d46173
980 _81
_gALBERTO SANCHEZ Responsable de Automatización